000 00486nam a2200121Ia 4500
008 160712s9999 xx 000 0 und d
100 _aTablazon, Christian.
245 _cChristian Tablazon
_aQuotidian minutiae as (sub)alter-narrative: Negotiations on history in Raya Martin’s Independencia
260 _c2012
_bSocial Science Diliman
300 _avol. 8 no. 1
650 _xSOCIAL SCIENCE
856 _uhttp://journals.upd.edu.ph/index.php/socialsciencediliman/issue/view/346/showToc
999 _c297499
_d297499